| 000 | 00874nam a22002657a 4500 | ||
|---|---|---|---|
| 999 |
_c16785 _d16785 |
||
| 003 | OSt | ||
| 005 | 20180604111316.0 | ||
| 008 | 180604b ||||| |||| 00| 0 eng d | ||
| 020 | _a9780321703583 | ||
| 020 | _a0321703588 | ||
| 040 | _aSEKU | ||
| 050 |
_aT 385 _b.A36 |
||
| 245 | 0 | 0 |
_aAdobe Flash Catalyst CS5 classroom in a book : _bthe official training workbook from Adobe Systems / _c[contributor, Scott Tapley]. |
| 260 |
_aBerkeley, Calif. : _bPeachpit, _c2010. |
||
| 300 |
_a273 p. : _bill. |
||
| 504 | _aIncludes index. | ||
| 650 | 0 | _aComputer animation. | |
| 650 | 0 | _aInteractive multimedia. | |
| 650 | 0 |
_aWeb sites _xDesign. |
|
| 650 | 0 | _aFlash (Computer files) | |
| 700 | 1 | _aTapley, Scott. | |
| 710 | 2 | _aAdobe Systems. | |
| 942 |
_2lcc _cGEN |
||